Sydney Train & Metro Quiz - 2021 - Statistics

General Stats
  • This quiz has been taken 201 times
  • The average score is 7 of 15
Answer Stats
Question Answer % Correct
What is the biggest train station in Sydney? Central
100%
How many light rail lines are there in the City? (Not Newcastle) 3
73%
What is the name of the station that is located in the middle of the City Circle? Martin Place
67%
What is the only train station that can't be accessed by land? Wondabyne
59%
There were two stations in between Hamilton and Newcastle Interchange, that closed in 2014. Do you know what stations they are? Civic and Wickham
56%
Why is Central platforms 13 to 15 under construction? It is for the Sydney Metro Construction, which will open in 2024.
56%
How many platforms does St Leonards have, that are in use? 2
52%
How many Train Stations have support the metro rail and the normal rail? 2
42%
How many platforms are there in Hornsby Station? 5
36%
How many Metro Stations are there as of 2021? 13
34%
How many train lines are there in Sydney? Such as the T1 line, T2 line, etc. 8
31%
How many platforms are there in Central, that are in use? Note: Unfinished and Under Construction DO NOT COUNT 22
20%
How many Stations are there in Sydney? 170
16%
How many platforms (in total) are in Maitland? (Not East Maitland) 5
13%
What is the oldest station in Sydney? Fairfield
6%
No matching quizzes found
Score Distribution
Percent of People with Each Score
Percentile by Number Answered
Your Score History
You have not taken this quiz